"Galaxy Quest" Quotes - Statistics

General Stats
  • This quiz has been taken 8 times
  • The average score is 11 of 15
Answer Stats
Quote Character % Correct
"Red-thingy moving toward the green-thingy. I think we're the green-thingy." Guy Fleegman
100%
"You broke the ship. You broke the bloody ship." Alexander Dane
83%
"By Grabthar's hammer, by the suns of Worvan, you shall be avenged." Alexander Dane
83%
"Sure, they're cute now, but in a second they're gonna get mean, and they're gonna get ugly somehow, and there's gonna be a million more of them." Guy Fleegman
83%
"Well forget it! I'm not doing it! This episode was badly written!" Gwen DeMarco
83%
"It's a rock! It doesn't have any vulnerable spots!" Jason Nesmith
83%
"Remember yesterday at the convention, those people dressed like aliens? They were aliens! They were termites or... or dalmations. I can't really remember cause I was kinda hungover." Jason Nesmith
83%
"How adorable. The actors are going to play war with me." Sarris
83%
"You know, with all that makeup and stuff, I actually thought you were SMART for a second." Tommy Webber
83%
"That was a hell of a thing." Fred Kwan
67%
"Sorry, I was - door was a little sticky. Did you see that? I'll get one of my boys up here with a can of WD-40." Fred Kwan
67%
"Hey guys, I just wanted you to know that, the reactors won't take it; the ship is breaking apart and all that... Just FYI." Fred Kwan
67%
"Let's get out of here before one of those things kills Guy." Gwen DeMarco
67%
"I avoided capture by using your Mak'tar stealth haze." Quelleck
50%
"We have enjoyed preparing many of your esoteric dishes. Your Monte Cristo sandwich is a current favorite among the adventurous." Mathesar
33%
No matching quizzes found
Score Distribution
Percent of People with Each Score
Percentile by Number Answered
Your Score History
You have not taken this quiz